Manual operativo : (Registro nro. 44166)
[ vista simple ]
| 000 -CABECERA | |
|---|---|
| campo de control de longitud fija | 00987nam a2200169 a 4500 |
| 001 - NÚMERO DE CONTROL | |
| campo de control | 000044677 |
| 005 - FECHA Y HORA DE LA ÚLTIMA TRANSACCIÓN | |
| campo de control | 20201002045540.0 |
| 008 - DATOS DE LONGITUD FIJA--INFORMACIÓN GENERAL | |
| campo de control de longitud fija | 141216s2011 dr 000 0 spa d |
| 020 ## - NÚMERO INTERNACIONAL ESTÁNDAR DEL LIBRO | |
| Número Internacional Estándar del Libro | 9789945477047 |
| 040 ## - FUENTE DE LA CATALOGACIÓN | |
| Centro catalogador/agencia de origen | DO-SdBNP |
| Lengua de catalogación | spa |
| Centro/agencia transcriptor | BNPHU |
| 082 ## - NÚMERO DE LA CLASIFICACIÓN DECIMAL DEWEY | |
| Número de clasificación | xxxx |
| Número de documento/Ítem | xxxx |
| 110 1# - ENTRADA PRINCIPAL--NOMBRE DE ENTIDAD CORPORATIVA | |
| Nombre de entidad corporativa o nombre de jurisdicción como elemento de entrada | República Dominicana. |
| Unidad subordinada | Suprema Corte de Justicia |
| 9 (RLIN) | 7906 |
| 245 10 - MENCIÓN DE TÍTULO | |
| Título | Manual operativo : |
| Resto del título | observatorio de justicia y género del Poder Judicial Dominicano (P.J.G.). |
| 260 ## - PUBLICACIÓN, DISTRIBUCIÓN, ETC. | |
| Lugar de publicación, distribución, etc. | Santo Domingo : |
| Nombre del editor, distribuidor, etc. | Suprema Corte de Justicia, |
| Fecha de publicación, distribución, etc. | 2011. |
| 300 ## - DESCRIPCIÓN FÍSICA | |
| Extensión | 32 p. ; |
| Dimensiones | 21 cm. |
| 505 0# - NOTA DE CONTENIDO CON FORMATO | |
| Nota de contenido con formato | Misión.-- |
| Título | Visión.-- |
| -- | Objetivo general.-- |
| -- | Objetivo específicos.-- |
| -- | Marco conceptual.-- |
| -- | Marco legal.-- |
| -- | Ámbito de aplicación.-- |
| -- | Principios que lo fundamentan.-- |
| -- | Redes.-- |
| -- | Componentes del observatorio de justicia y género.-- |
| -- | Acciones consecuentes resultantes.-- |
| -- | Servicios en línea.-- |
| -- | Monitoreo y transparencia.-- |
| -- | Foros de discusión.-- |
| -- | Servicios diferenciados.-- |
| -- | Sistema de información en administración de justicia.-- |
| Estado de retiro | Estado de pérdida | Restricciones de uso | No para préstamo | Código de colección | Localización permanente | Ubicación/localización actual | Ubicación en estantería | Fecha de adquisición | Número de inventario | Total de préstamos | Signatura topográfica completa | Código de barras | Fecha visto por última vez | Precio válido a partir de | Tipo de ítem Koha | Número de copia |
|---|---|---|---|---|---|---|---|---|---|---|---|---|---|---|---|---|
| Patrimonio Dominicano | General | General | En catalogación | 16.12.2014 | LF1 | xxxx xxxx | 44677-30 | 25.06.2020 | 25.06.2020 | Libro y Folleto Colección Patrimonio Dominicano | ||||||
| Excluido de préstamo | Patrimonio Dominicano | Patrimonio Dominicano | Patrimonio Dominicano | En catalogación | 16.12.2014 | LF1 | xxxx xxxx | 44677-10 | 25.06.2020 | 25.06.2020 | Libro y Folleto Colección Patrimonio Dominicano | |||||
| Excluido de préstamo | Patrimonio Dominicano | Patrimonio Dominicano | Patrimonio Dominicano | En catalogación | 16.12.2014 | LF1 | xxxx xxxx | 44677-20 | 25.06.2020 | 25.06.2020 | Libro y Folleto Colección Patrimonio Dominicano | e. 2 |
